[Event "DSOL 2021"]
[Site "Germany"]
[Date "2021.03.16"]
[Round "6.4"]
[White "Ziems, Michael"]
[Black "Prieb, Robert"]
[Result "0-1"]
[WhiteElo "1829"]
[BlackElo "2049"]
[Annotator "TA"]
[PlyCount "172"]
[EventDate "2021.01.18"]
[EventType "team-tourn"]
[EventCountry "GER"]
[SourceTitle "playchess.com"]
[Source "ChessBase"]
[SourceQuality "1"]

1. d4 Nf6 2. c4 g6 3. Nc3 d5 4. Bf4 Bg7 5. e3 O-O 6. Nf3 c5 7. Be2 cxd4 8. exd4 dxc4 9. Bxc4 Nc6 10. O-O Bg4 11. d5 Na5 12. Be2 Rc8 13. Rc1 Nc4 14. Qb3 Na5 15. Qd1 Qb6 16. b3 Qb4 17. Bd2 Qd6 18. Nb5 Rxc1 19. Qxc1 Qxd5 20. Bxa5 Bxf3 21. Bc4 Qh5 22. gxf3 a6 23. Be2 axb5 24. Qf4 Nd5 25. Qg4 b4 26. Qxh5 gxh5 27. Bc4 Ra8 28. Bxd5 Rxa5 29. Bxb7 Rxa2 30. Bd5 Bc3 31. Kg2 Kg7 32. Kg3 Bf6 33. h3 Kg6 34. Rg1 Be5+ 35. f4 Bd4 36. Kf3+ Kf6 37. Rg2 Rb2 38. Bc4 Bb6 39. Bd5 Bc5 40. Bc4 e6 41. h4 Bb6 42. Rg5 Rxf2+ 43. Ke4 Bc7 44. Rxh5 Rxf4+ 45. Ke3 Kg7 46. Bd3 h6 47. Rb5 Rxh4 48. Rb7 Bd6 49. Bc4 Rh3+ 50. Ke4 Kf6 51. Rd7 Rh4+ 52. Kf3 Be5 53. Rb7 Bc3 54. Bb5 Rh3+ 55. Kg4 Rh1 56. Be8 h5+ 57. Kg3 h4+ 58. Kg2 Rb1 59. Rxf7+ Ke5 60. Ba4 Rb2+ 61. Kh3 Be1 62. Re7 Bg3 63. Rb7 Rh2+ 64. Kg4 Be1 65. Rb5+ Kd4 66. Rh5 Rb2 67. Kf3 e5 68. Rh8 Bg3 69. Rd8+ Kc3 70. Rc8+ Kd2 71. Rc4 Rb1 72. Rxb4 Rg1 73. Bd7 Bf4 74. Ra4 Rg3+ 75. Ke4 Re3+ 76. Kf5 Rxb3 77. Bc6 Rg3 78. Ra1 h3 79. Ba8 Rc3 80. Kg4 h2 81. Bf3 Ke3 82. Re1+ Kf2 83. Re2+ Kg1 84. Rg2+ Kf1 85. Ra2 Rxf3 86. Ra1+ Kg2 0-1

[Event "DSOL 2021"]
[Site "Germany"]
[Date "2021.03.19"]
[Round "6.4"]
[White "Rose, Daniel"]
[Black "Spiel, Marianne"]
[Result "1-0"]
[WhiteElo "1816"]
[BlackElo "1869"]
[Annotator "NA"]
[PlyCount "53"]
[EventDate "2021.01.18"]
[EventType "team-tourn"]
[EventCountry "GER"]
[SourceTitle "playchess.com"]
[Source "ChessBase"]
[SourceQuality "1"]
[WhiteTeam "SV Königsjäger SW I"]
[BlackTeam "Bayern München II Amazonen"]

1. d4 Nf6 2. c4 e6 3. Nc3 d5 4. cxd5 exd5 5. Bg5 c6 6. e3 Bd6 7. Bd3 O-O 8. Nge2 Nbd7 9. Qc2 h6 10. Bh4 Qc7 11. h3 Re8 12. g4 g5 13. Bg3 Nf8 14. Rc1 a6 15. Bf5 Bxf5 16. Qxf5 Kg7 17. h4 Bxg3 18. Nxg3 gxh4 19. g5 Rxe3+ 20. Kd2 Re6 21. gxf6+ Kg8 22. Rxh4 Ng6 23. Rxh6 Qd6 24. Rxg6+ fxg6 25. Qxg6+ Kf8 26. Qg7+ Ke8 27. f7+ 1-0

[Event "DSOL 2021"]
[Site "Germany"]
[Date "2021.03.19"]
[Round "6.4"]
[White "Misini, Burhanudin"]
[Black "Koellner, Ruben Gideon"]
[Result "1-0"]
[WhiteElo "1803"]
[BlackElo "2412"]
[Annotator "NA"]
[PlyCount "59"]
[EventDate "2021.01.18"]
[EventType "team-tourn"]
[EventCountry "GER"]
[SourceTitle "playchess.com"]
[Source "ChessBase"]
[SourceQuality "1"]
[WhiteTeam "SK Ludwigshafen I"]
[BlackTeam "SF Deizisau I"]

1. e4 d6 2. d4 Nf6 3. Nc3 e5 4. dxe5 dxe5 5. Qxd8+ Kxd8 6. Bg5 Be6 7. f4 exf4 8. O-O-O+ Kc8 9. Bxf4 Bc5 10. Nf3 Ng4 11. Rd2 Be3 12. Bxe3 Nxe3 13. Nd5 Bxd5 14. exd5 Rd8 15. Bd3 Nd7 16. Bxh7 g6 17. Ng5 Nf6 18. Nxf7 Nxh7 19. Nxd8 Kxd8 20. Re2 Nf5 21. Rhe1 Nd6 22. Re7 Nf8 23. c4 b6 24. b4 Nd7 25. Rg7 Kc8 26. Ree7 Nf5 27. Rxd7 Nxg7 28. Rxg7 Kb7 29. d6 Rf8 30. Rxc7+ 1-0

[Event "DSOL 2021"]
[Site "Germany"]
[Date "2021.03.16"]
[Round "6.4"]
[White "Grede, Fabian"]
[Black "Haas, Ralf"]
[Result "1/2-1/2"]
[WhiteElo "1794"]
[BlackElo "1620"]
[Annotator "NA RC"]
[PlyCount "54"]
[EventDate "2021.01.18"]
[EventType "team-tourn"]
[EventCountry "GER"]
[SourceTitle "playchess.com"]
[Source "ChessBase"]
[SourceQuality "1"]

1. e4 c5 2. c4 d6 3. g3 g6 4. Bg2 Bg7 5. Nc3 Nc6 6. d3 Nf6 7. Nge2 O-O 8. O-O Bd7 9. h3 Qc8 10. Kh2 a6 11. Be3 e5 12. Qd2 Nd4 13. f4 b5 14. fxe5 dxe5 15. Nd5 Nxd5 16. cxd5 Ra7 17. Rac1 Rc7 18. Nxd4 cxd4 19. Bh6 Qb7 20. Bxg7 Kxg7 21. Rxc7 Qxc7 22. Rc1 Qb7 23. Rc5 Rc8 24. Qc2 a5 25. Bf3 f6 26. Kg2 b4 27. Bd1 Ba4 1/2-1/2

[Event "DSOL 2021"]
[Site "Germany"]
[Date "2021.03.16"]
[Round "6.4"]
[White "Pöeppe, Thorsten"]
[Black "Soellig, Martin"]
[Result "1-0"]
[WhiteElo "1790"]
[BlackElo "1920"]
[Annotator "TA"]
[PlyCount "127"]
[EventDate "2021.01.18"]
[EventType "team-tourn"]
[EventCountry "GER"]
[SourceTitle "playchess.com"]
[Source "ChessBase"]
[SourceQuality "1"]

1. d4 e6 2. Nf3 Nf6 3. Bf4 d5 4. e3 Be7 5. c4 b6 6. Nc3 O-O 7. Bd3 c5 8. O-O Nc6 9. a3 Na5 10. cxd5 Nxd5 11. Bg3 Bb7 12. Rc1 Rc8 13. dxc5 bxc5 14. Be5 f6 15. Nxd5 Qxd5 16. Bc3 Nb3 17. Rb1 c4 18. Bc2 Rfd8 19. Qxd5 Bxd5 20. Rbd1 Kf7 21. Nd4 g6 22. e4 Bb7 23. Rfe1 Nc5 24. e5 fxe5 25. Rxe5 Bf6 26. Ree1 Bd5 27. f3 a6 28. Kf2 Bh4+ 29. g3 Bf6 30. f4 h6 31. Nf3 Nb3 32. Ne5+ Kg7 33. Nxg6 Bxc3 34. bxc3 Nc5 35. Ne5 Rb8 36. Rb1 Rb7 37. Red1 Rdb8 38. Rxb7+ Rxb7 39. Rb1 Rxb1 40. Bxb1 Na4 41. Ba2 Nxc3 42. Bxc4 Nb5 43. a4 Nc3 44. Bxd5 exd5 45. a5 Nb5 46. Ke3 Kf6 47. Nd3 Ke7 48. Nb4 Nc7 49. Kd4 Kd6 50. f5 Nb5+ 51. Ke3 Nc7 52. g4 Kc5 53. Nd3+ Kb5 54. h4 Kxa5 55. g5 hxg5 56. hxg5 Kb5 57. g6 Ne8 58. Kd4 Kc6 59. Ke5 Kd7 60. f6 Nd6 61. g7 Nf7+ 62. Kxd5 Nh6 63. f7 Nxf7 64. g8=Q 1-0

[Event "DSOL 2021"]
[Site "Germany"]
[Date "2021.03.17"]
[Round "6.4"]
[White "Lin, Yi"]
[Black "Horatschek, Martin jr."]
[Result "1-0"]
[WhiteElo "1765"]
[BlackElo "1793"]
[Annotator "NA RC"]
[PlyCount "103"]
[EventDate "2021.01.18"]
[EventType "team-tourn"]
[EventCountry "GER"]
[SourceTitle "playchess.com"]
[Source "ChessBase"]
[SourceQuality "1"]

1. e4 c5 2. d3 Nc6 3. Nf3 d6 4. Nbd2 g6 5. g3 Bg7 6. Bg2 Nf6 7. O-O O-O 8. c3 e5 9. Re1 Ne8 10. Nf1 Qb6 11. Ne3 Ne7 12. Nc4 Qc7 13. a4 f5 14. Bg5 Bf6 15. Bxf6 Nxf6 16. exf5 Nxf5 17. Ng5 Kh8 18. Ne4 Ne8 19. Ne3 Be6 20. Ng5 Bg8 21. Nxf5 Rxf5 22. h4 Ng7 23. d4 cxd4 24. cxd4 Qb6 25. Be4 Rf6 26. Qd2 Raf8 27. a5 Qxd4 28. Qxd4 exd4 29. Re2 h6 30. Nh3 Re8 31. Rae1 Rfe6 32. Nf4 Rf6 33. Nxg6+ Kh7 34. Ne7+ Kh8 35. Nxg8 Kxg8 36. Bd5+ Kf8 37. Rxe8+ Nxe8 38. Bxb7 Rf5 39. b4 Nc7 40. Bc6 Kf7 41. Rd1 Nb5 42. Bxb5 Rxb5 43. Rxd4 Ke6 44. f4 h5 45. Kf2 Kf5 46. Rxd6 Rxb4 47. Rd5+ Kg4 48. Rg5+ Kh3 49. f5 Rb2+ 50. Kf3 a6 51. f6 Rb1 52. Ke4 1-0

[Event "DSOL 2021"]
[Site "Germany"]
[Date "2021.03.16"]
[Round "6.4"]
[White "Lennymops"]
[Black "Sauer, Wolfram"]
[Result "0-1"]
[WhiteElo "1748"]
[BlackElo "1798"]
[Annotator "NA RC"]
[PlyCount "36"]
[EventDate "2021.01.18"]
[EventType "team-tourn"]
[EventCountry "GER"]
[SourceTitle "playchess.com"]
[Source "ChessBase"]
[SourceQuality "1"]

1. d4 Nf6 2. c4 g6 3. Nc3 Bg7 4. Nf3 O-O 5. e3 d6 6. Be2 Nbd7 7. O-O e5 8. dxe5 dxe5 9. e4 c6 10. Qc2 Re8 11. Rd1 Qc7 12. b3 Nc5 13. Nd2 Ne6 14. Nf3 Nd4 15. Qb1 Bg4 16. Qd3 Rad8 17. Qe3 Nc2 18. Qg5 Nxa1 0-1

[Event "DSOL 2021"]
[Site "Germany"]
[Date "2021.03.18"]
[Round "6.4"]
[White "Grkinic, Domjan"]
[Black "Wolgin, Konstantin"]
[Result "1-0"]
[WhiteElo "1747"]
[BlackElo "1690"]
[Annotator "NA RC"]
[PlyCount "83"]
[EventDate "2021.01.18"]
[EventType "team-tourn"]
[EventCountry "GER"]
[SourceTitle "playchess.com"]
[Source "ChessBase"]
[SourceQuality "1"]

1. e4 e5 2. Nf3 Nc6 3. Bb5 Nf6 4. O-O Nxe4 5. Re1 Nd6 6. Bxc6 dxc6 7. Nxe5 Be6 8. Nc3 Qf6 9. d4 O-O-O 10. d5 cxd5 11. Nxd5 Bxd5 12. Qxd5 Nf5 13. Qxf7 Qxe5 14. Bg5 Nd6 15. Qxc7+ Kxc7 16. Bxd8+ Kxd8 17. Rxe5 Be7 18. Rd1 Re8 19. c4 Bf8 20. f4 Kc7 21. c5 Rxe5 22. cxd6+ Bxd6 23. fxe5 Bxe5 24. b3 a5 25. Kf2 b6 26. Kf3 Kc6 27. Ke4 Bf6 28. g4 h6 29. Kf5 Kc5 30. Rd7 Kb4 31. Rb7 Ka3 32. Rxb6 Kxa2 33. b4 a4 34. Rxf6 gxf6 35. b5 a3 36. b6 h5 37. b7 hxg4 38. b8=Q Ka1 39. Kxg4 a2 40. Qa7 Kb1 41. Qxa2+ Kxa2 42. Kf5 1-0

[Event "DSOL 2021"]
[Site "Germany"]
[Date "2021.03.15"]
[Round "6.4"]
[White "Langfeldt, Lars"]
[Black "Eichhorn, Robin"]
[Result "1-0"]
[WhiteElo "1728"]
[BlackElo "1504"]
[Annotator "NA RC"]
[PlyCount "103"]
[EventDate "2021.01.18"]
[EventType "team-tourn"]
[EventCountry "GER"]
[SourceTitle "playchess.com"]
[Source "ChessBase"]
[SourceQuality "1"]

1. e4 d6 2. d4 g6 3. Nc3 Bg7 4. Be3 Nf6 5. h3 Nbd7 6. Nf3 O-O 7. Bc4 c5 8. e5 Ne8 9. e6 fxe6 10. Bxe6+ Kh8 11. Ng5 cxd4 12. Bxd4 Bxd4 13. Qxd4+ Ne5 14. Nf7+ Rxf7 15. Bxf7 Nf6 16. Bb3 Bd7 17. O-O Bxh3 18. Nd5 Nc6 19. Qc3 Bf5 20. Rfe1 e5 21. Nxf6 Qxf6 22. Rad1 Rc8 23. Qd2 Nd4 24. c3 Nxb3 25. axb3 Rd8 26. Qd5 Rd7 27. Re2 a6 28. Qc4 Be6 29. Qb4 d5 30. c4 d4 31. Rde1 d3 32. Rxe5 d2 33. Rxe6 dxe1=Q+ 34. Qxe1 Qg5 35. Rxa6 Re7 36. Qc3+ Kg8 37. Ra8+ Kf7 38. Qf3+ Ke6 39. Ra1 Kd6 40. Rd1+ Kc7 41. Qd3 Qe5 42. Qd8+ Kc6 43. b4 Qe6 44. Rd6+ Qxd6 45. b5+ Kc5 46. b4+ Kxc4 47. Qxd6 Re1+ 48. Kh2 Kxb5 49. Qc5+ Ka4 50. Qc2+ Kb5 51. Qd2 Re7 52. Qg5+ 1-0

[Event "DSOL 2021"]
[Site "Germany"]
[Date "2021.03.18"]
[Round "6.4"]
[White "Brkic, Tomislav"]
[Black "Harder, Daniella"]
[Result "1/2-1/2"]
[WhiteElo "1727"]
[BlackElo "1604"]
[Annotator "NA RC"]
[PlyCount "152"]
[EventDate "2021.01.18"]
[EventType "team-tourn"]
[EventCountry "GER"]
[SourceTitle "playchess.com"]
[Source "ChessBase"]
[SourceQuality "1"]

1. d4 Nf6 2. Nf3 d5 3. c4 dxc4 4. e3 c5 5. Bxc4 e6 6. O-O Nc6 7. Nc3 Be7 8. dxc5 Qxd1 9. Rxd1 Bxc5 10. a3 a6 11. b4 Ba7 12. Bb2 b5 13. Be2 Bb7 14. Rac1 Ke7 15. h3 Rhd8 16. Rxd8 Rxd8 17. Rd1 Rxd1+ 18. Bxd1 Ne8 19. Bc2 h6 20. Ne4 f6 21. Nc5 Bxc5 22. bxc5 e5 23. Nh4 Bc8 24. Bb3 Be6 25. Ng6+ Kf7 26. Nh8+ Ke7 27. Ng6+ Kf7 28. Bc2 Nc7 29. f4 exf4 30. Nxf4 Bc4 31. Kf2 Ne6 32. Be4 Ne5 33. c6 Ke7 34. Bc3 Kd6 35. Bb4+ Kc7 36. Nxe6+ Bxe6 37. Bf8 f5 38. Bxg7 Nc4 39. Bf3 Nxa3 40. Bxh6 b4 41. Bf4+ Kc8 42. Be2 Nc4 43. h4 b3 44. h5 b2 45. Bd3 Nb6 46. Bxa6+ Kd8 47. Bd3 Ke7 48. h6 Kf6 49. h7 Kg7 50. h8=Q+ Kxh8 51. Be5+ Kg8 52. Bxb2 Kf7 53. Bd4 Nc8 54. Kg3 Ne7 55. c7 Nd5 56. Bxf5 Nxc7 57. Bxe6+ Nxe6 58. Kh4 Kg6 59. g4 Ng5 60. Kg3 Ne6 61. Kf3 Kg5 62. Be5 Nc5 63. Bf4+ Kg6 64. e4 Ne6 65. Ke3 Kf6 66. e5+ Kf7 67. Ke4 Nc5+ 68. Kf5 Ne6 69. g5 Ng7+ 70. Kg4 Kg6 71. Bd2 Ne6 72. Be3 Ng7 73. Kf3 Kf5 74. Bf4 Ne6 75. Be3 Nxg5+ 76. Bxg5 Kxe5 1/2-1/2

[Event "DSOL 2021"]
[Site "Germany"]
[Date "2021.03.17"]
[Round "6.4"]
[White "Neuhoff, Laertes"]
[Black "Posske, Thore"]
[Result "1-0"]
[WhiteElo "1714"]
[BlackElo "2030"]
[Annotator "TA"]
[PlyCount "79"]
[EventDate "2021.01.18"]
[EventType "team-tourn"]
[EventCountry "GER"]
[SourceTitle "playchess.com"]
[Source "ChessBase"]
[SourceQuality "1"]

1. e4 c6 2. d4 d5 3. exd5 cxd5 4. c4 Nf6 5. Nc3 Nc6 6. Bg5 e6 7. c5 Be7 8. Nf3 O-O 9. Bb5 Ne4 10. Bxe7 Nxc3 11. bxc3 Nxe7 12. O-O b6 13. cxb6 axb6 14. Qb3 Ba6 15. a4 Qc7 16. Rfc1 Nc6 17. Rab1 Na5 18. Qb4 Bxb5 19. axb5 Nc4 20. Ra1 Ra7 21. Ra6 Rfa8 22. Rca1 Nd6 23. Ne5 Rxa6 24. Rxa6 Rxa6 25. bxa6 f6 26. Nd3 Kf7 27. h3 Nc8 28. Qa4 Na7 29. Nc1 Ke7 30. Qc2 g6 31. Qd2 Nb5 32. Na2 Qc4 33. Nb4 Nxc3 34. a7 Ne4 35. Qa2 Qc1+ 36. Kh2 Nc3 37. a8=Q Qf4+ 38. g3 Nxa2 39. gxf4 Nxb4 40. Qa3 1-0

[Event "DSOL 2021"]
[Site "Germany"]
[Date "2021.03.19"]
[Round "6.4"]
[White "Hummel, Felician"]
[Black "Thannheiser, Thomas"]
[Result "0-1"]
[WhiteElo "1691"]
[BlackElo "2205"]
[Annotator "NA"]
[PlyCount "58"]
[EventDate "2021.01.18"]
[EventType "team-tourn"]
[EventCountry "GER"]
[SourceTitle "playchess.com"]
[Source "ChessBase"]
[SourceQuality "1"]
[WhiteTeam "SG Turm Leipzig I"]
[BlackTeam "Lübecker SV"]

1. d4 Nf6 2. Nd2 d5 3. Ngf3 g6 4. e3 Bg7 5. Bd3 O-O 6. O-O Nbd7 7. c3 Re8 8. e4 e5 9. dxe5 Nxe5 10. Nxe5 dxe4 11. Nxe4 Rxe5 12. Bg5 Bf5 13. Nxf6+ Bxf6 14. Bxf6 Qxf6 15. Bxf5 Qxf5 16. Re1 Rae8 17. Rxe5 Rxe5 18. Qd8+ Kg7 19. Rd1 c5 20. Kf1 Qe6 21. Qd3 Qxa2 22. c4 Qa5 23. Qd6 Re6 24. Qd3 Qb4 25. b3 Rb6 26. Qd5 Qxb3 27. Qe5+ Rf6 28. Rd6 Qxc4+ 29. Ke1 Qf4 0-1

[Event "DSOL 2021"]
[Site "Germany"]
[Date "2021.03.15"]
[Round "6.4"]
[White "Xande25"]
[Black "Wilhelm, Rostislav-Paul"]
[Result "1/2-1/2"]
[WhiteElo "1689"]
[BlackElo "1881"]
[Annotator "NA RC"]
[PlyCount "58"]
[EventDate "2021.01.18"]
[EventType "team-tourn"]
[EventCountry "GER"]
[SourceTitle "playchess.com"]
[Source "ChessBase"]
[SourceQuality "1"]

1. Nf3 c5 2. c4 g6 3. Nc3 Bg7 4. g3 Nc6 5. Bg2 e5 6. d3 Nge7 7. O-O d6 8. Bd2 O-O 9. Qc1 Nf5 10. e3 h6 11. e4 Nfd4 12. Bxh6 Qf6 13. Nxd4 Nxd4 14. Bxg7 Kxg7 15. f4 Bg4 16. fxe5 Qxe5 17. Qf4 Be2 18. Qxe5+ dxe5 19. Nxe2 Nxe2+ 20. Kh1 Rh8 21. Rf3 g5 22. g4 Rad8 23. a3 Nf4 24. Bf1 Rd6 25. Rd1 Rdh6 26. h3 Nxh3 27. Bxh3 Rxh3+ 28. Rxh3 Rxh3+ 29. Kg2 Re3 1/2-1/2

[Event "DSOL 2021"]
[Site "Germany"]
[Date "2021.03.15"]
[Round "6.4"]
[White "Stelzer, Siegfried"]
[Black "Jacob, Phil"]
[Result "1-0"]
[WhiteElo "1666"]
[BlackElo "1495"]
[Annotator "NA RC"]
[PlyCount "129"]
[EventDate "2021.01.18"]
[EventType "team-tourn"]
[EventCountry "GER"]
[SourceTitle "playchess.com"]
[Source "ChessBase"]
[SourceQuality "1"]

1. e4 c5 2. Nf3 Nc6 3. d4 cxd4 4. Nxd4 g6 5. Nc3 Qb6 6. Nb3 Bg7 7. Be3 Nd4 8. Bxd4 Bxd4 9. Qxd4 Qxd4 10. Nxd4 Nf6 11. Nd5 Nxd5 12. exd5 O-O 13. Be2 b6 14. Bf3 Bb7 15. O-O Ba6 16. Rfe1 e6 17. dxe6 Rac8 18. exf7+ Kxf7 19. Bd5+ Kg7 20. c3 Rc5 21. Re7+ Kf6 22. Rxd7 Bc8 23. Rd6+ Ke5 24. Rc6 Kxd5 25. Rxc5+ Kxc5 26. f3 Re8 27. Kf2 Ba6 28. h4 b5 29. Re1 Rxe1 30. Kxe1 b4 31. Ne6+ Kd6 32. Nf8 bxc3 33. bxc3 Bc4 34. Nxh7 Bxa2 35. Kd2 a5 36. Kc2 a4 37. Kb2 Bb3 38. Ng5 Ke5 39. Ne4 Kf4 40. Nd2 Bd1 41. c4 Kg3 42. c5 Kxg2 43. c6 Be2 44. c7 Ba6 45. Ka3 Kg3 46. Kxa4 Kxh4 47. Ka5 Bc8 48. Kb6 Kg3 49. Kc5 Kf4 50. Kd4 g5 51. Kc5 Ke3 52. Ne4 Kxf3 53. Nxg5+ Kf4 54. Nf7 Bh3 55. Kd6 Ke3 56. Ne5 Kd4 57. Nd7 Ke3 58. c8=Q Kf4 59. Qc4+ Kg3 60. Ne5 Bg2 61. Qg4+ Kh2 62. Qf4+ Kg1 63. Ng4 Bf3 64. Qh2+ Kf1 65. Qf2# 1-0

[Event "DSOL 2021"]
[Site "Germany"]
[Date "2021.03.18"]
[Round "6.4"]
[White "Schmidt, Konrad"]
[Black "Beckmann, David"]
[Result "0-1"]
[WhiteElo "1652"]
[BlackElo "2025"]
[Annotator "TA"]
[PlyCount "202"]
[EventDate "2021.01.18"]
[EventType "team-tourn"]
[EventCountry "GER"]
[SourceTitle "playchess.com"]
[Source "ChessBase"]
[SourceQuality "1"]

1. e4 e6 2. d4 d5 3. Nc3 dxe4 4. Nxe4 Nd7 5. Nf3 Ngf6 6. Bg5 Be7 7. Bxf6 Nxf6 8. Bd3 O-O 9. O-O Nxe4 10. Bxe4 c5 11. dxc5 Bxc5 12. Qe2 Qe7 13. Rad1 Rb8 14. Ne5 f5 15. Bf3 Bd6 16. Rfe1 Qc7 17. h3 Bxe5 18. Qxe5 Qxe5 19. Rxe5 Kf7 20. Ra5 a6 21. Rc5 Kf6 22. Rc7 h6 23. Rd6 Re8 24. h4 Re7 25. Rc3 Bd7 26. Rcd3 Bb5 27. R3d4 Rc8 28. c3 Rcc7 29. g3 g5 30. hxg5+ hxg5 31. a4 Be8 32. Rb6 a5 33. Rbd6 g4 34. Bg2 Ke5 35. Rb6 Kf6 36. Rd5 Bxa4 37. Rxa5 Bc6 38. Rc5 Bxg2 39. Rxc7 Rxc7 40. Kxg2 Ke5 41. Kf1 Kd5 42. Ke2 Re7 43. Ke3 Kc5 44. Rb4 e5 45. Ra4 b5 46. Ra5 Kc4 47. Ra8 Kb3 48. Rb8 Kxb2 49. Rxb5+ Kxc3 50. Rd5 Kc4 51. Rd8 Rf7 52. Rd6 Kc5 53. Rd8 Rf6 54. Rd7 Kc6 55. Rd8 Kc7 56. Rd5 Re6 57. f4 gxf3 58. Kxf3 Kc6 59. Rd8 Rf6 60. Rd2 Rd6 61. Rc2+ Kd7 62. Rc5 Ke6 63. Ra5 Rd3+ 64. Kf2 Kf6 65. Rb5 Ra3 66. Rb6+ Kg5 67. Re6 e4 68. Re8 Ra2+ 69. Ke3 Ra3+ 70. Kf2 Rf3+ 71. Kg2 Ra3 72. Rg8+ Kf6 73. Re8 Ra2+ 74. Kf1 Kg5 75. Rg8+ Kf6 76. Rf8+ Ke5 77. Re8+ Kd4 78. Rd8+ Ke3 79. Rf8 Rf2+ 80. Kg1 Rf3 81. Kg2 Ke2 82. Ra8 Rf2+ 83. Kg1 e3 84. Ra5 Kd3 85. Ra3+ Ke4 86. Ra4+ Kf3 87. Ra3 Rb2 88. Rc3 Rb1+ 89. Kh2 Rb2+ 90. Kg1 Rg2+ 91. Kf1 Rxg3 92. Ra3 Rg8 93. Rb3 Ra8 94. Kg1 Ra1+ 95. Kh2 f4 96. Rc3 Kf2 97. Kh3 f3 98. Kg4 Ra4+ 99. Kh3 e2 100. Rc2 Kf1 101. Kg3 f2 0-1

[Event "DSOL 2021"]
[Site "Germany"]
[Date "2021.03.17"]
[Round "6.4"]
[White "Walter, Rainer"]
[Black "Riess, Bernhard"]
[Result "1-0"]
[WhiteElo "1645"]
[BlackElo "1506"]
[Annotator "NA RC"]
[PlyCount "87"]
[EventDate "2021.01.18"]
[EventType "team-tourn"]
[EventCountry "GER"]
[SourceTitle "playchess.com"]
[Source "ChessBase"]
[SourceQuality "1"]

1. e4 c6 2. c4 d5 3. cxd5 cxd5 4. exd5 Qxd5 5. Nf3 Nf6 6. Nc3 Qd8 7. Be2 Bf5 8. d4 e6 9. O-O Be7 10. Bf4 a6 11. Rc1 Nc6 12. Qb3 Na5 13. Qa4+ Nc6 14. Rfd1 O-O 15. Ne5 Rc8 16. Bxa6 Qb6 17. Nxc6 Rxc6 18. Bb5 Rcc8 19. Qb3 Ne4 20. Be3 Nxc3 21. bxc3 Qd6 22. Bd3 Bxd3 23. Rxd3 Qc6 24. Rb1 Rb8 25. Bf4 Bd6 26. d5 exd5 27. Bxd6 Qxd6 28. Rxd5 Qe6 29. Rb5 Qa6 30. a4 h6 31. h3 Qc6 32. Rb6 Qc5 33. Rb5 Qc6 34. a5 Rfc8 35. Rc1 Qd6 36. Rxb7 Qf4 37. Rc2 Rxb7 38. Qxb7 Qc4 39. a6 Rd8 40. a7 Rd1+ 41. Kh2 Qf1 42. a8=Q+ Kh7 43. Qe4+ g6 44. Qae8 1-0

[Event "DSOL 2021"]
[Site "Germany"]
[Date "2021.03.19"]
[Round "6.4"]
[White "Zöellner, Bente"]
[Black "Kudris, Vladislav"]
[Result "1-0"]
[WhiteElo "1641"]
[BlackElo "1873"]
[Annotator "NA"]
[PlyCount "119"]
[EventDate "2021.01.18"]
[EventType "team-tourn"]
[EventCountry "GER"]
[SourceTitle "playchess.com"]
[Source "ChessBase"]
[SourceQuality "1"]
[WhiteTeam "Stader SV"]
[BlackTeam "Rochade Augsburg"]

1. d4 Nf6 2. Nf3 g6 3. c4 Bg7 4. Nc3 d6 5. e4 O-O 6. h3 c6 7. Be3 a5 8. Bd3 Na6 9. a3 Nc7 10. O-O Rb8 11. Qa4 Nce8 12. b4 axb4 13. axb4 Bd7 14. Qa5 Nc7 15. Qb6 Na6 16. Qxd8 Rfxd8 17. Ra4 c5 18. b5 Nb4 19. Be2 Ra8 20. Rfa1 Rab8 21. Ne1 Ne8 22. Nf3 Nc2 23. Rd1 Ra8 24. Rxa8 Rxa8 25. Nd5 Nxe3 26. fxe3 Ra2 27. Kf2 Kf8 28. Nc3 Rc2 29. Nd5 Nf6 30. Nxf6 Bxf6 31. Ra1 cxd4 32. exd4 g5 33. Ra8+ Kg7 34. e5 g4 35. exf6+ Kxf6 36. hxg4 Bxg4 37. Rg8 h5 38. d5 e6 39. dxe6 fxe6 40. Nd4 Rd2 41. Ke3 Ra2 42. Bxg4 hxg4 43. Rxg4 e5 44. Nf3 Kf5 45. Rg5+ Kf6 46. Ke4 Re2+ 47. Kd3 Ra2 48. g4 Rf2 49. Rf5+ Ke6 50. Ng5+ Kd7 51. Rxf2 Kc7 52. Ke4 Kb6 53. Kd5 Ka5 54. Kxd6 Kb4 55. Kd5 b6 56. Rf3 e4 57. Nxe4 Ka5 58. Nc3 Kb4 59. Na2+ Ka4 60. Re3 1-0

[Event "DSOL 2021"]
[Site "Germany"]
[Date "2021.03.17"]
[Round "6.4"]
[White "Baranowsky, Peter"]
[Black "SanChess12"]
[Result "0-1"]
[WhiteElo "1620"]
[BlackElo "1620"]
[Annotator "NA RC"]
[PlyCount "94"]
[EventDate "2021.01.18"]
[EventType "team-tourn"]
[EventCountry "GER"]
[SourceTitle "playchess.com"]
[Source "ChessBase"]
[SourceQuality "1"]

1. d4 e5 2. dxe5 Nc6 3. Nf3 Qe7 4. e4 Nxe5 5. Be2 Nf6 6. Nbd2 d6 7. O-O Be6 8. b3 O-O-O 9. Bb2 Nc6 10. c4 g6 11. Nd4 Nxd4 12. Bxd4 Bg7 13. b4 Nh5 14. Bxg7 Nxg7 15. Qa4 Kb8 16. Rfd1 Bd7 17. b5 Ne6 18. Qc2 Nc5 19. Bf3 f5 20. Re1 Qf6 21. Rad1 Rhe8 22. Re2 g5 23. exf5 Bxf5 24. Ne4 Qg6 25. Rde1 g4 26. Bxg4 Bxg4 27. Nxc5 Rxe2 28. Rxe2 Qxc2 29. Rxc2 dxc5 30. f3 Bf5 31. Re2 b6 32. g4 Bg6 33. h4 Rd1+ 34. Kf2 Bd3 35. Re8+ Kb7 36. Re7 Rd2+ 37. Kg3 Rxa2 38. f4 Ra3 39. h5 Bxc4+ 40. Kh4 Bxb5 41. Rxh7 Ra1 42. f5 c4 43. f6 c3 44. f7 Rf1 45. f8=Q Rxf8 46. Re7 c2 47. Re1 Rf1 0-1

[Event "DSOL 2021"]
[Site "Germany"]
[Date "2021.03.19"]
[Round "6.4"]
[White "Kasel, Alexander"]
[Black "Schwenck, Mathias"]
[Result "0-1"]
[WhiteElo "1620"]
[BlackElo "1965"]
[Annotator "NA"]
[PlyCount "42"]
[EventDate "2021.01.18"]
[EventType "team-tourn"]
[EventCountry "GER"]
[SourceTitle "playchess.com"]
[Source "ChessBase"]
[SourceQuality "1"]
[WhiteTeam "SAV Torgelow I"]
[BlackTeam " SC Moosburg"]

1. c4 e5 2. Nc3 Nf6 3. g3 Bb4 4. Bg2 O-O 5. Nf3 Re8 6. Nd5 Nxd5 7. cxd5 e4 8. Nd4 d6 9. Nc2 Bc5 10. b4 Bb6 11. O-O Nd7 12. a4 a5 13. d3 exd3 14. Qxd3 Ne5 15. Qc3 axb4 16. Nxb4 Bg4 17. Kh1 Bxe2 18. Re1 Ng4 19. Rxe2 Rxe2 20. Bf3 Nxf2+ 21. Kg2 Ne4+ 0-1

[Event "DSOL 2021"]
[Site "Germany"]
[Date "2021.03.17"]
[Round "6.4"]
[White "Piepenhagen, Matthias"]
[Black "Steinwender, Dieter"]
[Result "0-1"]
[WhiteElo "1620"]
[BlackElo "1738"]
[Annotator "NA RC"]
[PlyCount "74"]
[EventDate "2021.01.18"]
[EventType "team-tourn"]
[EventCountry "GER"]
[SourceTitle "playchess.com"]
[Source "ChessBase"]
[SourceQuality "1"]

1. Nc3 d5 2. d4 Nf6 3. Bg5 Nbd7 4. e3 e6 5. g3 h6 6. Bxf6 Nxf6 7. Bg2 c5 8. Nf3 Bd6 9. dxc5 Bxc5 10. O-O O-O 11. Ne5 Qc7 12. Ng4 Nxg4 13. Qxg4 Bd7 14. a3 Be7 15. Qe2 Rac8 16. Rfd1 Bf6 17. Rd3 Rfd8 18. Rad1 Be8 19. Bxd5 exd5 20. Nxd5 Qc6 21. Qf3 Rd6 22. Nxf6+ Rxf6 23. Qxc6 Bxc6 24. c3 Kf8 25. f4 Re6 26. Kf2 f5 27. Rd4 Rce8 28. R1d3 Kf7 29. h4 Kg6 30. Rd6 Rxd6 31. Rxd6+ Kf7 32. Ke2 Re6 33. Rd4 Kg6 34. Kf2 Kh5 35. Rd8 Kg4 36. b3 Kh3 37. c4 Rg6 0-1

[Event "DSOL 2021"]
[Site "Germany"]
[Date "2021.03.17"]
[Round "6.4"]
[White "Sedlmayr, David"]
[Black "Schwingen, Dominik"]
[Result "0-1"]
[WhiteElo "1620"]
[BlackElo "1923"]
[Annotator "TA"]
[PlyCount "60"]
[EventDate "2021.01.18"]
[EventType "team-tourn"]
[EventCountry "GER"]
[SourceTitle "playchess.com"]
[Source "ChessBase"]
[SourceQuality "1"]

1. e4 e6 2. d4 d5 3. Nc3 Bb4 4. e5 c5 5. a3 Bxc3+ 6. bxc3 Ne7 7. Bd3 Nbc6 8. Nf3 Qa5 9. Qd2 Bd7 10. O-O c4 11. Be2 f6 12. exf6 gxf6 13. Qh6 O-O-O 14. Bd2 Rdf8 15. Qh5 Nf5 16. Rfd1 Nd6 17. Be1 Ne4 18. Nd2 Nxc3 19. Nxc4 dxc4 20. d5 exd5 21. Bxc3 Qxc3 22. Qxd5 Ne5 23. Qc5+ Bc6 24. Qxa7 Rhg8 25. f4 Rxg2+ 26. Kf1 Qh3 27. Qa8+ Kc7 28. Qxf8 Rxh2+ 29. Ke1 Nf3+ 30. Bxf3 Qg3+ 0-1